000 00479cam a2200169 4500500
005 20260405001743.0
041 _afre
042 _adc
100 1 0 _aOrtoli, Sven
_eauthor
245 0 0 _aAu poil !
260 _c2014.
500 _a23
690 _aPilosité
690 _aPoil
786 0 _nPhilosophie magazine | 80 | 6 | 2014-06-01 | p. 8-8 | 1951-1787
856 4 1 _uhttps://shs.cairn.info/magazine-philosophie-magazine-2014-6-page-8?lang=fr&redirect-ssocas=7080
999 _c2050710
_d2050710